Maritime piracy and the construction of global governance / (Record no. 2989)

000 -LEADER
fixed length control field 01455cam a2200373Ii 4500
008 - FIXED-LENGTH DATA ELEMENTS--GENERAL INFORMATION
fixed length control field 180706s2013 nyua ob 001 0 eng d
020 ## - INTERNATIONAL STANDARD BOOK NUMBER
International Standard Book Number 9780203111550
Qualifying information (e-book : PDF)
020 ## - INTERNATIONAL STANDARD BOOK NUMBER
International Standard Book Number 9781136278907
Qualifying information (e-book: PDF)
020 ## - INTERNATIONAL STANDARD BOOK NUMBER
International Standard Book Number 9781136278853
Qualifying information (e-book: Mobi)
020 ## - INTERNATIONAL STANDARD BOOK NUMBER
International Standard Book Number 9781136278891
Qualifying information (e-book: ePub)
020 ## - INTERNATIONAL STANDARD BOOK NUMBER
Qualifying information (hardback)
020 ## - INTERNATIONAL STANDARD BOOK NUMBER
Qualifying information (paperback)
040 ## - CATALOGING SOURCE
Original cataloging agency IMU Kochi Library
Language of cataloging eng
041 0# - LANGUAGE CODE
Language code of text/sound track or separate title eng
082 04 - DEWEY DECIMAL CLASSIFICATION NUMBER
Classification number 364.164
Item number M342
245 00 - TITLE STATEMENT
Title Maritime piracy and the construction of global governance /
300 ## - PHYSICAL DESCRIPTION
Extent 1 online resource (xxii, 226 pages)
490 1# - SERIES STATEMENT
Series statement New international relations
504 ## - BIBLIOGRAPHY, ETC. NOTE
Bibliography, etc Includes bibliographical references (pages [201]-217) and index.
505 0# - FORMATTED CONTENTS NOTE
Formatted contents note pt. 1. Constructions through law -- pt. 2. Constructions through institutions -- pt. 3. Rethinking the construction of global governance for maritime piracy.
650 #0 - SUBJECT ADDED ENTRY--TOPICAL TERM
Topical term or geographic name as entry element Piracy.
650 #0 - SUBJECT ADDED ENTRY--TOPICAL TERM
Topical term or geographic name as entry element Piracy
General subdivision Prevention
-- International cooperation.
700 1# - ADDED ENTRY--PERSONAL NAME
Personal name Carlson, Jon D.,
Dates associated with a name 1969-
700 1# - ADDED ENTRY--PERSONAL NAME
Personal name Nance, Mark.
700 1# - ADDED ENTRY--PERSONAL NAME
Personal name Struett, Michael J.
830 #0 - SERIES ADDED ENTRY--UNIFORM TITLE
Uniform title New international relations.
856 40 - ELECTRONIC LOCATION AND ACCESS
Uniform Resource Identifier <a href="https://www.taylorfrancis.com/books/9781136278907">https://www.taylorfrancis.com/books/9781136278907</a>
Public note Click here to view.
904 ## - LOCAL DATA ELEMENT D, LDD (RLIN)
CATALOGER Rudra Ranjan
905 ## - LOCAL DATA ELEMENT E, LDE (RLIN)
VERIFIER Rudra Ranjan
942 ## - ADDED ENTRY ELEMENTS (KOHA)
Item type E-Book
264 #1 -
-- New York, N.Y. :
-- Routledge,
-- 2013.

No items available.



Copyright © All Rights Reserved by Indian Maritime University, Kochi Campus.
For any Suggestions/Query Contact to library or Email: library.kochi@imu.ac.in Ph:(0484)-2989402
(Web OPAC Designed by Rudra Ranjan. Maintained by IMU Kochi Library)

Powered by Koha